| 000 | 00470 a2200157 4500 | ||
|---|---|---|---|
| 999 |
_c9570 _d9570 |
||
| 022 | _a2220-5470 | ||
| 050 | _aKTZ2.23.A2 Z56 2010 | ||
| 100 |
_aRowland J Reid _eChief Editor |
||
| 245 |
_aThe Zimbabwean Law Reports 2010 _bpart 2 _c J Reid Rowland |
||
| 264 |
_aHarare : _bLegal resources Foundation, _c2012 |
||
| 300 | _a646p : | ||
| 500 | _aLaw reports | ||
| 650 | _aLaw---- law reports ----Zimbabwe | ||
| 651 | _aZimbabwe | ||
| 942 |
_2lcc _cSERIALS _h2.23.A2 Z56 _iZIM _kKTZ |
||